|
|
|
|
| LEADER |
00859nam a2200145Ia 4500 |
| 008 |
111204s9999 xx 000 0 mal d |
| 100 |
|
|
|a Krishnawarier ,P.U. Ed.
|
| 245 |
|
|
|a Sathavarsha panchangam
|c Krishnawarier ,P.U. Ed.
|
| 260 |
|
|
|b Pellisseri Publications, Kottayam
|a Pellisseri Publications, Kottayam
|c 1988
|
| 300 |
|
|
|a 302
|b 3 Vol.
|
| 942 |
|
|
|c BK
|
| 999 |
|
|
|c 218946
|d 218946
|
| 952 |
|
|
|0 0
|1 0
|2 ddc
|4 0
|6 529_300000000000000_KRI_S
|7 0
|9 241894
|a MAL
|b MAL
|c ST1
|d 2011-12-05
|g 50.00
|h Vol.1
|l 0
|o 529.3 KRI/S
|p MAL21078
|r 2019-02-08
|v 50.00
|w 2011-12-05
|y BK
|
| 952 |
|
|
|0 0
|1 0
|2 ddc
|4 0
|6 529_300000000000000_KRI_S
|7 0
|9 241895
|a MAL
|b MAL
|c ST1
|d 2011-12-05
|g 50.00
|h Vol.2
|l 0
|o 529.3 KRI/S
|p MAL21079
|r 2019-02-08
|v 50.00
|w 2011-12-05
|y BK
|
| 952 |
|
|
|0 0
|1 0
|2 ddc
|4 0
|6 529_300000000000000_KRI_S
|7 0
|9 241896
|a MAL
|b MAL
|c ST1
|d 2011-12-05
|g 50.00
|h Vol.3
|l 0
|o 529.3 KRI/S
|p MAL21080
|r 2019-02-08
|v 50.00
|w 2011-12-05
|y BK
|